<?xml version="1.0" encoding="UTF-8"?>
<record
    xmlns:xsi="http://www.w3.org/2001/XMLSchema-instance"
    xsi:schemaLocation="http://www.loc.gov/MARC21/slim http://www.loc.gov/standards/marcxml/schema/MARC21slim.xsd"
    xmlns="http://www.loc.gov/MARC21/slim">

  <leader>01251nam a22002297a 4500</leader>
  <controlfield tag="005">20250325105632.0</controlfield>
  <controlfield tag="008">110407t        mx ||||| |||| 00| 0 spa d</controlfield>
  <datafield tag="020" ind1=" " ind2=" ">
    <subfield code="a">9786074061055</subfield>
  </datafield>
  <datafield tag="050" ind1="0" ind2="4">
    <subfield code="a">KGF4624</subfield>
    <subfield code="b">M49 2009</subfield>
  </datafield>
  <datafield tag="110" ind1="1" ind2=" ">
    <subfield code="a">M&#xE9;xico.</subfield>
  </datafield>
  <datafield tag="245" ind1="1" ind2="0">
    <subfield code="a">Fisco agenda</subfield>
    <subfield code="c"> / t&#xED;tulos en los art&#xED;culos, referencias y correlaciones por Efra&#xED;n Lechuga Santill&#xE1;n. </subfield>
  </datafield>
  <datafield tag="246" ind1="3" ind2="4">
    <subfield code="a">Fisco agenda 2010</subfield>
    <subfield code="b"> : compendio de leyes, reglamentos y otras disposiciones conexas sobre la materia.</subfield>
  </datafield>
  <datafield tag="250" ind1=" " ind2=" ">
    <subfield code="a">40a ed.</subfield>
  </datafield>
  <datafield tag="260" ind1=" " ind2=" ">
    <subfield code="a">M&#xE9;xico :</subfield>
    <subfield code="b">Ediciones Fiscales ISEF, </subfield>
    <subfield code="c">2009</subfield>
  </datafield>
  <datafield tag="300" ind1=" " ind2=" ">
    <subfield code="a">p. v. ;</subfield>
    <subfield code="c">19 cm.</subfield>
  </datafield>
  <datafield tag="500" ind1=" " ind2=" ">
    <subfield code="a">En la portada:
"Esta edici&#xF3;n contiene las disposiciones publicadas hasta la fecha de impresi&#xF3;n de este producto."
"Nota: Con el objeto de facilitar el manejo de esta obra hemos diferenciado con negritas las &#xFA;ltimas reformas publicadas en el D.O.F. o en la gaceta oficial"
"Los t&#xED;tulos que encabezan los art&#xED;culos no forman parte del texto legal." </subfield>
  </datafield>
  <datafield tag="650" ind1=" " ind2="7">
    <subfield code="2">lemb</subfield>
    <subfield code="a">Impuestos</subfield>
    <subfield code="z">M&#xE9;xico</subfield>
    <subfield code="x">Leyes y legislaci&#xF3;n</subfield>
  </datafield>
  <datafield tag="650" ind1=" " ind2="7">
    <subfield code="2">lemb</subfield>
    <subfield code="a">Impuesto sobre la renta</subfield>
    <subfield code="z">M&#xE9;xico</subfield>
    <subfield code="x">Leyes y legislaci&#xF3;n</subfield>
  </datafield>
  <datafield tag="650" ind1=" " ind2="7">
    <subfield code="2">lemb</subfield>
    <subfield code="a">Impuesto al valor agregado</subfield>
    <subfield code="z">M&#xE9;xico</subfield>
    <subfield code="x">Leyes y legislaci&#xF3;n</subfield>
  </datafield>
  <datafield tag="700" ind1="1" ind2=" ">
    <subfield code="a">Lechuga Santill&#xE1;n, Efra&#xED;n </subfield>
    <subfield code="e">editor</subfield>
  </datafield>
  <datafield tag="942" ind1=" " ind2=" ">
    <subfield code="2">lcc</subfield>
    <subfield code="c">LIB</subfield>
  </datafield>
  <datafield tag="999" ind1=" " ind2=" ">
    <subfield code="c">29303</subfield>
    <subfield code="d">29303</subfield>
  </datafield>
  <datafield tag="952" ind1=" " ind2=" ">
    <subfield code="1">0</subfield>
    <subfield code="2">lcc</subfield>
    <subfield code="4">0</subfield>
    <subfield code="7">8</subfield>
    <subfield code="a">LIC-031</subfield>
    <subfield code="b">LIC-031</subfield>
    <subfield code="c">CONSULTA</subfield>
    <subfield code="d">2012-02-21</subfield>
    <subfield code="e">UA</subfield>
    <subfield code="f">40a ed.</subfield>
    <subfield code="i">CEA</subfield>
    <subfield code="k">CSA</subfield>
    <subfield code="o">KGF4624 M49 2009</subfield>
    <subfield code="p">BCCA000007653</subfield>
    <subfield code="r">2015-01-16 00:00:00</subfield>
    <subfield code="t">1</subfield>
    <subfield code="v">200.00</subfield>
    <subfield code="y">LIB</subfield>
  </datafield>
  <datafield tag="952" ind1=" " ind2=" ">
    <subfield code="1">0</subfield>
    <subfield code="2">lcc</subfield>
    <subfield code="4">0</subfield>
    <subfield code="7">0</subfield>
    <subfield code="a">UCIH</subfield>
    <subfield code="b">UCIH</subfield>
    <subfield code="c">GENERAL</subfield>
    <subfield code="d">2019-03-20</subfield>
    <subfield code="f">40a.</subfield>
    <subfield code="k">CSA</subfield>
    <subfield code="o">KGF4624.M4 F57 2009</subfield>
    <subfield code="p">BCU000006238</subfield>
    <subfield code="r">2019-03-20 00:00:00</subfield>
    <subfield code="t">C.1</subfield>
    <subfield code="y">LIB</subfield>
  </datafield>
</record>
